Národná knižnica v Berlíne

Bibliographic Details
Main Author: -šš- (Author)
Format: Article
Language:Slovak
Subjects:

MARC

LEADER 00000nab a2200000 a 4500
001 vtls000081199
003 SK-MaSNL
005 20260303031753.0
008 150501c1981 xo 0 slo
015 |a SNBRB19rr/mm-uuuuu 
035 |a CL0091300 
040 |a SNKBUCL  |b slo  |c SNKBUCL  |e AACR2 
041 0 |a slo 
044 |a xo  |c SK 
080 |a 727  |2 1981 
100 1 |a -šš-  |4 aut  |9 858749 
245 1 0 |a Národná knižnica v Berlíne  |c -šš- 
300 |b Obr. 5. 
650 0 7 |a knižnice  |2 snkbucl  |9 17965 
650 0 7 |a Národná knižnica, Berlín  |2 snkbucl  |9 1014138 
655 7 |a články z novín a časopisov  |2 snkbucl  |9 267496 
773 0 |t Projekt  |g Roč. 23, č. 1-2 (1981), s. 69 
850 |a Slovenská národná knižnica v Martine  |a MTA001 
852 |a SNK  |b KIS3GCP 
958 |a RK 
958 |a DE 
992 |a RBX 
999 |c 1660121  |d 1662051